000 00979nas a2200337 4500
001 BR0808192
003 BR-BrBNA
005 20231205112809.0
007 ta
008 230509b bl.|||p| |||| 00| 00por d
040 _aBR-BrBNA
_bpor
_cBiblioteca Nacional de Agricultura
041 _a(Pt)
072 _aK50
100 1 _aDeuner, S.
100 1 _aAlves, J.D.
100 1 _aFries, D.D.
100 1 _aZanandrea, I.
100 1 _aLima, A.A.
100 1 _aHenrique, P. de C.
100 1 _aGoulart, P. de F.P.
245 1 _aPeróxido de hidrogênio e ácido ascórbico influenciando a atividade de enzimas antioxidantes de mudas de cafeeiro
650 _aHIDROGÊNIO
650 _aACIDO ASCÓRBICO
650 _aENZIMA
650 _aANTIOXIDANTE
650 _aMUDA
650 _aCAFE
773 0 _tRevista Ceres (Brazil)
_xISSN 0034-737X
_g(Mar-Apr 2008), v. 55(2) p. 135-140
_wBR0808192
909 _a202311
_bLúcia
_c55
_dLúcia Elande
942 _2AGRIS
_n0
_cANA
999 _c200042
_d200042